000 00458nam a22001697a 4500
005 20260422151447.0
008 260422b |||||||| |||| 00| 0 eng d
020 _a0791414299
050 _aGR121
_b.J2S63
100 _aSobo Elisa Jamine
245 _aOne Blood
_bThe jamaican body
260 _aNew York
_bState university of new york press
_cc1993
300 _avii,329p.,
500 _aincludes index
700 _aSobo Elisa Jamine
942 _2lcc
_cBK
_n0
999 _c9515
_d9515